| 000 | 00523nam a22001817a 4500 | ||
|---|---|---|---|
| 003 | CEME | ||
| 005 | 20210628205104.0 | ||
| 008 | 210224b xxu||||| |||| 00| 0 eng d | ||
| 020 | _a0-7923-9796-7 | ||
| 040 | _c. | ||
| 082 | _a621.3822 AZZ'A | ||
| 100 |
_aNandi, A. Kumar Azzouz, E. E _973823 |
||
| 245 | _aAutomatic modulation recognition of communication signals | ||
| 260 |
_aBOSTON _bKLUWER _c1996 |
||
| 300 | _a217P | ||
| 650 |
_aAUTOMATC MODULATION RECOGNITION OF COMMUNICATION SIGNALS _973824 |
||
| 942 |
_cBK _2ddc |
||
| 999 |
_c579466 _d579466 |
||